Sovversione, perversione /

Saved in:
Bibliografiske detaljer
Hovedforfatter: Dufrenne, Mikel (Author)
Andre forfattere: Mazzini, Maria Luisa
Format: Bog
Sprog:italiensk
Serier:I campi magnetici ; 11
Fag:
Tags: Tilføj Tag
Ingen Tags, Vær først til at tagge denne postø!

MARC

LEADER 00000nam a22000007i 4500
001 IT\ICCU\UMC\0051423
003 ItRI
005 20260115232326.0
008 931116s1978 it |||||| ||||| |||||c
040 |b ita  |c importazione bologna sebina 
041 7 |a ita  |2 ISO-639-2 
100 1 |a Dufrenne, Mikel  |0 IT\ICCU\CFIV\116456  |4 aut 
240 1 0 |a Subversion, perversion .  |3 IT\ICCU\SBL\0327935  |9 Dufrenne, Mikel 
245 1 0 |a Sovversione, perversione /  |c Mikel Dufrenne ; \trad. di Maria Luisa Mazzini! - Milano : La salamandra, 1978. 
300 |a 146 p. ;  |c 20 cm 
650 7 |a Autorità e libertà  |2 scbi 
700 1 |a Mazzini, Maria Luisa  |0 IT\ICCU\CFIV\063640 
830 2 |a I campi magnetici ;  |v 11  |0 IT\ICCU\CFI\0001128 
942 |2 ddc  |c BK  |n 0 
952 |0 0  |1 0  |4 0  |6 DOC_190_000000000000000_DUF  |7 0  |9 24233  |a BO  |b BO  |d 2026-01-15  |i 1550  |l 0  |o DOC 190 DUF  |p BO1550  |r 2026-01-15 23:23:26  |w 2026-01-15  |x [Sebina 7] [1 v.]  |y BK  |z 1 v. 
999 |c 20629  |d 20629